ATA 100 - Statistiques

Statistiques générales
  • Ce quiz a été pris 7 fois
  • Le résultat moyen est 2 sur 46
Statistiques - réponses
Hint Réponse % Correct
ATA 32 Landing Gear
50%
ATA 12 Servicing
50%
ATA 21 Air Conditioning
25%
ATA 22 Auto Flight
25%
ATA 24 Electrical
25%
ATA 29 Hydraulic Power
25%
ATA 35 Oxygen
25%
ATA 06 Access
0%
ATA 75 Air
0%
ATA 51 Airframe Standard Practices
0%
ATA 49 APU
0%
ATA 23 Communications
0%
ATA 52 Doors
0%
ATA 72 Engine
0%
ATA 76 Engine Controls
0%
ATA 73 Engine Fuel & Control
0%
ATA 77 Engine Indicating
0%
ATA 70 Engine Standard Practices
0%
ATA 25 Equipments & Furnishing
0%
ATA 78 Exhaust
0%
ATA 26 Fire protection
0%
ATA 27 Flight Controls
0%
ATA 28 Fuel
0%
ATA 53 Fuselage
0%
ATA 30 Ice & Rain protection
0%
ATA 74 Ignition
0%
ATA 31 Indicating & Recording Systems
0%
ATA 47 Inert Gas System
0%
ATA 46 Information Systems
0%
ATA 05 Inspections
0%
ATA 08 Leveling and Weighting
0%
ATA 07 Lifting and shoring
0%
ATA 33 Lights
0%
ATA 54 Nacelles & Pylons
0%
ATA 34 Navigation
0%
ATA 79 Oil
0%
ATA 11 Placards
0%
ATA 36 Pneumatic
0%
ATA 71 Power Plant
0%
ATA 55 Stabilizers
0%
ATA 20 Standard Practices
0%
ATA 80 Starting
0%
ATA 09 Towing & Taxiing
0%
ATA 37 Vacuum
0%
ATA 38 Water / Waste
0%
ATA 56 Windows
0%
Aucun quiz correspondant
Distribution des résultats
% des personnes avec chaque résultat
Percentile par nombre de réponses
Votre historique - résultats
Vous n’avez pas pris ce quiz